000 00582nam a2200181Ia 4500
008 151018s9999 xx 000 0 und d
082 _bRBASDV31561
_a110
100 _a-
245 _aसाधकांच्या अनुभूती
250 _b1
260 _bसनातन भारतीय संस्कृती संस्था मुंबई
_c1999
300 _a130
600 _a-
630 _aसाधकांच्या अनुभूती
700 _a-
730 _aसाधकांच्या अनुभूती
942 _cBOOK
999 _c1031094
_d1031091